The Oxford India Srinivas (Record no. 52251)

MARC details
000 -LEADER
fixed length control field 02195nam a22003617a 4500
005 - DATE AND TIME OF LATEST TRANSACTION
control field 2011051002362.0
008 - FIXED-LENGTH DATA ELEMENTS--GENERAL INFORMATION
fixed length control field 110510t xxu||||| |||| 00| 0 eng d
010 ## - LCCN (DPL NO)
LC control number B-425606-610
020 ## - INTERNATIONAL STANDARD BOOK NUMBER
International Standard Book Number 9780198060345
Terms of availability 995.00
020 ## - INTERNATIONAL STANDARD BOOK NUMBER
International Standard Book Number 0198060343
Terms of availability 995.00
035 ## - SYSTEM CONTROL NUMBER
System control number B-425606-610
037 ## - SOURCE OF ACQUISITION
Source of stock number/acquisition RBC/VEN
040 ## - CATALOGING SOURCE
Original cataloging agency DPL
082 ## - DEWEY DECIMAL CLASSIFICATION NUMBER
Classification number 301.0954
100 ## - MAIN ENTRY--PERSONAL NAME
Personal name Srinivas, Mysore Narasimhachar.
9 (RLIN) 27920
245 ## - TITLE STATEMENT
Title The Oxford India Srinivas
Statement of responsibility, etc M.N. Srinivas ; with an introduction by Ramachandra Guha ; and foreword by A.M. Shah.
260 ## - PUBLICATION, DISTRIBUTION, ETC. (IMPRINT)
Place of publication, distribution, etc New Delhi :
Name of publisher, distributor, etc Oxford University Press,
Date of publication, distribution, etc 2011.
270 ## - ADDRESS
Address YMCA Library Buliding, Jai shing road
City New Delhi
Postal code 110001
300 ## - PHYSICAL DESCRIPTION
Extent xxviii, 733 p. :
Dimensions 23 cm. (Hb)
504 ## - BIBLIOGRAPHY, ETC. NOTE
Bibliography, etc Includes bibliographical references and Index
520 ## - SUMMARY, ETC.
Summary, etc Articles chiefly on various aspects of social change in India.
650 ## - SUBJECT ADDED ENTRY--TOPICAL TERM
Topical term or geographic name as entry element Social change
Geographic subdivision India
9 (RLIN) 27921
651 ## - SUBJECT ADDED ENTRY--GEOGRAPHIC NAME
Geographic name India
General subdivision Social conditions
Chronological subdivision 1947-
9 (RLIN) 27922
651 ## - SUBJECT ADDED ENTRY--GEOGRAPHIC NAME
Geographic name India
General subdivision Rural conditions.
9 (RLIN) 27923
942 ## - ADDED ENTRY ELEMENTS (KOHA)
Source of classification or shelving scheme Dewey Decimal Classification
Item type English Books
Call number suffix SRI
Classification part 301.0954
Holdings
Withdrawn status Lost status Source of classification or shelving scheme Damaged status Not for loan Collection code Home library Current library Date acquired Source of acquisition Cost, normal purchase price Total Checkouts Full call number Barcode Checked out Date last seen Copy number Cost, replacement price Koha item type Total Renewals
    Dewey Decimal Classification     Non-fiction Central Library Central Library 20/05/2011 RBC/22493/23.3.11/76/4.3.11/25.3.11 995.00 2 301.0954 SRI B-425606 10/06/2026 27/05/2026 1 995.00 English Books  
    Dewey Decimal Classification     Non-fiction Karol Bagh Karol Bagh 20/05/2011 RBC/22493/23.3.11/76/4.3.11/25.3.11 995.00   301.0954 SRI B-425609   20/05/2011 1 995.00 English Books  
    Dewey Decimal Classification     Non-fiction Patel Nagar Patel Nagar 20/05/2011 RBC/22493/23.3.11/76/4.3.11/25.3.11 995.00   301.0954 SRI B-425607   20/05/2011 1 995.00 English Books  
    Dewey Decimal Classification     Non-fiction Sarojini Nagar Sarojini Nagar 20/05/2011 RBC/22493/23.3.11/76/4.3.11/25.3.11 995.00 3 301.0954 SRI B-425608   17/12/2025 1 995.00 English Books 1
    Dewey Decimal Classification     Non-fiction Shahdara Branch Shahdara Branch 20/05/2011 RBC/22493/23.3.11/76/4.3.11/25.3.11 995.00   301.0954 SRI B-425610   20/05/2011 1 995.00 English Books  

© Delhi Public Library
Hit Counter
free hit counter